000 00314nam a22001337a 4500
008 170630b xxu||||| |||| 00| 0 eng d
020 _a0393954781
041 _aeng
080 _25TH
_a82
100 _a22
101 _aGJL
245 _aTHE NORTON ANTHOLOGY OF ENGLISH LITERATURE
_cABRAMS,M,H
942 _2udc
_cBK
999 _c19751
_d19751